France's FIFA World Cup Winning Squads (1998, 2018) - Statistics

General Stats
  • This quiz has been taken 137 times
    74 since last reset
  • The average score is 29 of 47
Answer Stats
# Position Player % Correct
10 MD Zinedine Zidane
97%
7 MD © Didier Deschamps
94%
Coach Didier Deschamps
94%
7 FW Antoine Griezmann
92%
12 FW Thierry Henry
92%
10 FW Kylian Mbappé
91%
6 MD Paul Pogba
89%
1 FW © Hugo Lloris
88%
2 DF Benjamin Pavard
86%
15 MD Liliam Thuram
86%
13 MF N'Golo kanté
86%
1 GK Fabien Barthez
84%
9 FW Olivier Giroud
81%
21 DF Lucas Hernandez
78%
4 DF Raphaël Varane
78%
11 FW Ousmane Dembélé
77%
5 DF Samuel Umtiti
77%
8 MD Marcel Desailly
75%
5 DF Laurent Blanc
73%
14 MF Blaise Matuidi
72%
20 FW Emanuel Petit
72%
17 MD David Trezeguet
70%
16 GK Steve Mandanda
69%
3 DF Bixente Lizarazu
66%
11 FW Robert Pirès
61%
23 GK Alphonse Areola
59%
20 FW Florian Thauvin
59%
4 DF Patrick Vieira
59%
3 DF Prensel Kimpembe
56%
6 MD Youri Djorkaeff
55%
22 DF Benjamin Mendy
47%
12 DF Corentin Tolisso
47%
18 FW Nabil Fekir
47%
17 DF Adil Rami
45%
19 FW Christian Karembeu
44%
15 DF Steven Nzonzi
44%
18 FW Frank Lebœuf
42%
19 DF Djibril Sidibé
41%
9 FW Stephane Guivarc'h
39%
8 MD Thomas Lemar
39%
Coach Aimé Jacquet
31%
21 FW Christophe Dugarry
31%
16 GK Bernard Lama
30%
14 MD Alain Boghossian
22%
2 DF Vincent Candela
22%
13 FW Bernard Diomède
17%
22 GK Lionel Charbonnier
17%
No matching quizzes found
Score Distribution
Percent of People with Each Score
Percentile by Number Answered
Your Score History
You have not taken this quiz since the last reset